01761nam a2200301Ia 4500001000600000003000900006008004100015040001300056040001300069041001300082100002300095100002900118245003800147245001700185250001100202260001600213260001000229260004900239300005900288500076700347650002701114650003101141942000701172957000601179999001701185999000601202952025101208G2507IT-RoPAU130308s9999 xx 000 0 und d aIT-RoPAU cIT-RoPAU aFRANCESE aBertrand Dominique gCodice Aut. SPICS: 37531 aFrance classique (1630-1715) (La) bTheatre (Le) a1a ed. aROSNY CEDEX bBreal c1996 [1° Ed.:1996 - Ed.Ling.Originale:1996] a"62 p. (prefazione: no ; testo: 62 [pagine: 223-284])" aTeatro classico in Francia dal 1630 al 1715. tavola Cronologica: Eventi politici e Vita Teatrale. Apogeo Teatrale: Monarchia e Mecenatismo, Nascita di un Teatro Statale, Consacrazione del Teatro Come Arte Profana, costituzione di un Campo Teatrale, Teatro e Società. drammaturgia Classica: Tradizione e Modernità, regole e Principio del Piacere, fabbrica Drammatica, Autore e Sua Creazione. Generi del Teatro Classico: Supremazia della Tragedia, Estetica della Commedia, tentazione delle forme Drammaturgiche Miste. Corneille, Moliere, Racine: tre strategie Teatrali. Documento Commentato: la Scuola delle Donne di Moliere. Documenti Proposti: Cinna di Corneille, Berenicedi Racine. Dissertazioni Proposte: Genere comico nella drammaturgia Classica Francese. aENCICLOPEDIE DI TEATRO eCodice materia Spics: 8401 cBK 71 c86533d86533 g1 0010406G_000000000000000_250771aSPICSbSPICSd2013-03-08l0oG2507r2013-03-08 00:00:00w2013-03-08yBKzProgressivo inserimento: 53537 / N. Volumi: 0 [=Contributo] Copie: 1 / data import: 1 marzo 2013 - By Epidotti, Trombetti, Vaglietti.